00857nam a22002297a 4500003000500000005001700005008004100022010001100063011001100074035001100085040000900096100003400105245013700139260004000276500006000316502008300376650002600459650002600485650002600511650002600537856006400563CHAP20220329143908.0120626s2012 mx r 00010 spa d a103439 a104411 a115101 cCHAP1 aLeal Alvarado, Daniel Alfredo10aEstudio de la diversidad genética en colecciones de amaranto empleado RAPD e ISSRh[En línea]c/por Daniel Alfredo Leal Alvarado aChapingo, Méx. :bEl autor,c2012 aPara ver el contenido del material haga clic en la liga aTesis (M.C. en Biotecnología Agrícola) -- UACH. Departamento de Fitotecnia04aAmarantoxAnálisis.04aAmarantoxGenética.04aAmarantoxVariedades.04aGenética molecular. 3Finding aiduhttp://10.13.5.2/tesis/115101.pdfzTeclea aqui